[Event "Mittelfranken-chTB2a 1920"]
[Site "Mittelfranken"]
[Date "2020.03.08"]
[Round "7.1"]
[White "Ruderer, Alexander"]
[Black "Loellmann, Heinrich"]
[Result "1/2-1/2"]
[WhiteElo "1663"]
[BlackElo "1894"]
[PlyCount "142"]
[EventDate "2019.10.13"]
[EventType "team-tourn"]
[EventRounds "9"]
[EventCountry "GER"]
[SourceTitle "EXT 2023"]
[Source "ChessBase"]
[SourceDate "2022.10.05"]
[SourceVersion "1"]
[SourceVersionDate "2022.10.05"]
[SourceQuality "1"]
[WhiteTeam "Heideck/Hilpoltstein II"]
[BlackTeam "Bubenreuth"]
[WhiteTeamCountry "GER"]
[BlackTeamCountry "GER"]

1. d4 d5 2. Nf3 e6 3. g3 Nf6 4. Bg2 Bd6 5. 0-0 0-0 6. b3 b6 7. Bb2 Bb7 8. Nbd2 Nbd7 9. Rc1 c5 10. c4 Rc8 11. cxd5 exd5 12. e3 Qe7 13. Qe2 Rfe8 14. Rfd1 h6 15. Ne1 Nb8 16. Qf3 Nbd7 17. Nd3 Ne4 18. Bh3 Rcd8 19. Nf4 Ndf6 20. Nh5 Nxh5 21. Qxh5 Ng5 22. Bg2 Qe6 23. Nf3 Ne4 24. Rc2 Rf8 25. Bh3 f5 26. Nh4 Ng5 27. Bg2 Kh7 28. Nf3 Ne4 29. Nd2 Nf6 30. Qf3 g6 31. Rdc1 Ba8 32. Qe2 Rf7 33. Nf3 Re7 34. Qb5 Rc8 35. Qa6 Rec7 36. Nd2 Ng4 37. Qe2 Nf6 38. Qa6 g5 39. Qd3 Ne4 40. Qe2 Kg6 41. Nf3 h5 42. Nd2 Re7 43. Nxe4 fxe4 44. Qa6 g4 45. b4 c4 46. b5 Rec7 47. Bc3 Qe7 48. Rb1 Ba3 49. Re2 Bd6 50. Qa4 Ba3 51. Qa6 Qd6 52. Bf1 Bb7 53. Qa4 Ra8 54. Bb4 Bxb4 55. Qxb4 Qxb4 56. Rxb4 a5 57. Rb1 a4 58. Rb4 Bc8 59. Re1 Ra5 60. Be2 Bd7 61. Reb1 a3 62. Bd1 Rca7 63. Bc2 Kg5 64. Kg2 Be8 65. h4+ gxh3+ 66. Kxh3 Bd7+ 67. Kg2 Kg4 68. Bd1+ Kg5 69. Bc2 Bg4 70. Bd1 Rf7 71. Bxg4 Kxg4 1/2-1/2

[Event "Mittelfranken-chTB1 1819"]
[Site "Mittelfranken"]
[Date "2018.11.04"]
[Round "2.8"]
[White "Reh, Helmut"]
[Black "Ruderer, Alexander"]
[Result "1/2-1/2"]
[WhiteElo "1810"]
[BlackElo "1707"]
[PlyCount "45"]
[EventDate "2018.10.14"]
[EventType "team-tourn"]
[EventRounds "9"]
[EventCountry "GER"]
[SourceTitle "EXT 2022"]
[Source "ChessBase"]
[SourceDate "2021.10.06"]
[SourceVersion "1"]
[SourceVersionDate "2021.10.06"]
[SourceQuality "1"]
[WhiteTeam "Lauf SV"]
[BlackTeam "Heideck/Hilpoltstein"]
[WhiteTeamCountry "GER"]
[BlackTeamCountry "GER"]

1. f4 d5 2. Nf3 Nf6 3. g3 Bf5 4. Bg2 e6 5. 0-0 Nbd7 6. b3 c5 7. Bb2 Be7 8. e3 Rc8 9. d3 b5 10. Nbd2 0-0 11. Nh4 Bg4 12. Bf3 Bxf3 13. Qxf3 c4 14. bxc4 bxc4 15. dxc4 dxc4 16. Bd4 Qa5 17. c3 Nd5 18. e4 Bc5 19. exd5 Bxd4+ 20. cxd4 Qxd2 21. Rfd1 Qb2 22. dxe6 fxe6 23. a4 1/2-1/2

[Event "Nuremberg Zabo op 20th"]
[Site "Nuremberg"]
[Date "2018.09.16"]
[Round "4"]
[White "Ruderer, Alexander"]
[Black "Thuerauf, Peter"]
[Result "1/2-1/2"]
[WhiteElo "1624"]
[BlackElo "1844"]
[PlyCount "56"]
[EventDate "2018.09.15"]
[EventType "swiss"]
[EventRounds "5"]
[EventCountry "GER"]
[SourceTitle "EXT 2020"]
[Source "ChessBase"]
[SourceDate "2019.10.17"]
[SourceVersion "1"]
[SourceVersionDate "2019.10.17"]
[SourceQuality "1"]

1. d4 d5 2. Bf4 e6 3. Nf3 Nf6 4. e3 c6 5. Nbd2 Nbd7 6. a3 Be7 7. h3 0-0 8. c4 Re8 9. Be2 Nf8 10. c5 Ng6 11. Bh2 Nd7 12. Rc1 Bf8 13. 0-0 e5 14. b4 e4 15. Ne1 a6 16. Qb3 Qg5 17. f4 exf3 18. Rxf3 Nh4 19. Rf4 Nf6 20. Nef3 Nxf3+ 21. Nxf3 Qh6 22. Ne5 Be6 23. Rcf1 Be7 24. R4f3 Ne4 25. Qc2 Ng5 26. Rg3 Ne4 27. Rgf3 Ng5 28. Rg3 Ne4 1/2-1/2

[Event "Nuremberg Zabo op 20th"]
[Site "Nuremberg"]
[Date "2018.09.15"]
[Round "1"]
[White "Hirn, Jana"]
[Black "Ruderer, Alexander"]
[Result "0-1"]
[WhiteElo "925"]
[BlackElo "1624"]
[PlyCount "48"]
[EventDate "2018.09.15"]
[EventType "swiss"]
[EventRounds "5"]
[EventCountry "GER"]
[SourceTitle "EXT 2020"]
[Source "ChessBase"]
[SourceDate "2019.10.17"]
[SourceVersion "1"]
[SourceVersionDate "2019.10.17"]
[SourceQuality "1"]

1. d4 d5 2. c4 c6 3. e3 Nf6 4. Nf3 Bg4 5. Be2 e6 6. 0-0 Be7 7. Nc3 Nbd7 8. Re1 0-0 9. Qc2 dxc4 10. Bxc4 Bxf3 11. gxf3 Qa5 12. Kf1 Qh5 13. Ke2 e5 14. Qd3 Rad8 15. e4 exd4 16. Qxd4 Nb6 17. Qe3 Nxc4 18. Qxa7 Ne5 19. Qe3 Rd3 20. Qf4 Rxf3 21. Qd2 Re3+ 22. Kf1 Qh3+ 23. Kg1 Nf3+ 24. Kh1 Qxh2# 0-1

[Event "Nuremberg Zabo op 19th"]
[Site "Nuremberg"]
[Date "2017.09.17"]
[Round "5"]
[White "Dettmer, Niels"]
[Black "Ruderer, Alexander"]
[Result "1/2-1/2"]
[WhiteElo "1792"]
[BlackElo "1594"]
[PlyCount "35"]
[EventDate "2017.09.15"]
[EventType "swiss"]
[EventRounds "5"]
[EventCountry "GER"]
[SourceTitle "EXT 2022"]
[Source "ChessBase"]
[SourceDate "2021.10.06"]
[SourceVersion "1"]
[SourceVersionDate "2021.10.06"]
[SourceQuality "1"]

1. d4 d5 2. Bf4 Nf6 3. e3 Bf5 4. Nd2 e6 5. c4 c5 6. Qb3 Qb6 7. Ngf3 Nbd7 8. Be2 Be7 9. 0-0 0-0 10. h3 h6 11. Rfc1 Rfc8 12. Rc3 Qxb3 13. Rxb3 Nb6 14. Rc1 Ne4 15. Nxe4 Bxe4 16. Nd2 Bg6 17. cxd5 Nxd5 18. Bg3 1/2-1/2

[Event "Landesliga U20 Nord 1415"]
[Site "Bayern"]
[Date "2015.03.21"]
[Round "7.3"]
[White "Ruderer, Alexander"]
[Black "Moenius, Alexander"]
[Result "0-1"]
[WhiteElo "1555"]
[BlackElo "1850"]
[PlyCount "62"]
[EventDate "2014.11.15"]
[EventType "team-tourn"]
[EventRounds "7"]
[EventCountry "GER"]
[SourceTitle "EXT 2022"]
[Source "ChessBase"]
[SourceDate "2021.10.06"]
[SourceVersion "1"]
[SourceVersionDate "2021.10.06"]
[SourceQuality "1"]
[WhiteTeam "Heideck/Hilpoltstein U20"]
[BlackTeam "Hoechstadt SC U20"]
[WhiteTeamCountry "GER"]
[BlackTeamCountry "GER"]

1. d4 Nf6 2. Nf3 g6 3. Bf4 Bg7 4. e3 c5 5. Nc3 cxd4 6. Qxd4 Nc6 7. Qd2 d6 8. g3 0-0 9. Bg2 h6 10. e4 g5 11. Be3 Ng4 12. 0-0 Nxe3 13. Qxe3 Be6 14. b3 Qa5 15. e5 Nxe5 16. Nd4 Bd7 17. Rad1 Nc6 18. Nde2 Rac8 19. Bxc6 Bxc6 20. a4 Rfe8 21. Rd2 Bd7 22. Nb1 Bf5 23. Na3 d5 24. Rfd1 e6 25. Qf3 Be4 26. Qe3 a6 27. f3 Bg6 28. Kg2 Qb4 29. Nb1 Rxc2 30. Rxc2 Bxc2 31. Rc1 Bxb3 0-1